| 000 | 01020nam a22002777a 4500 | ||
|---|---|---|---|
| 003 | OSt | ||
| 005 | 20250128150515.0 | ||
| 008 | 250128b |||||||| |||| 00| 0 eng d | ||
| 020 | _a9781455742141 (paperback) | ||
| 040 |
_aNUST _beng _cNUST _dNUST _erda |
||
| 050 | _aRB40 LAR | ||
| 100 |
_aLarson, Donna _eAuthor |
||
| 245 |
_aClinical chemistry : _b fundamentals and laboratory techniques / _cauthor, Donna Larson, consulting editors, Joshua Hayden,and Hari Nair, |
||
| 260 |
_aSt. Louis, Missouri : _bElsevier/Saunders _c2017. |
||
| 300 |
_axv, 719 pages ; _c28 cm. |
||
| 336 |
_2rdamedia _atext _btxt |
||
| 337 |
_2rdamedia _aunmediated _bn |
||
| 338 |
_2rdamedia _avolume _bnc |
||
| 504 | _aIncludes bibliographical references and index | ||
| 650 | _vClinical chemistry | ||
| 650 | _vClinical chemistry -- Laboratory manuals | ||
| 650 | _vClinical Chemistry Tests. | ||
| 700 |
_aHayden, Joshua (Joshua A.) _eEditor |
||
| 700 |
_aNair, Hari _eEditor |
||
| 942 |
_2lcc _cBOOKS _hRB40 LAR _kRB _mLAR _n0 |
||
| 999 |
_c171209 _d171209 |
||